000 00781nam a2200229 i 4500
001 bgj
245 0 0 _aA TESOL professional anthology :
_bgrammar and composition /
_cedited by Carol Cargill.
260 _aLincolnwood, Ill. :
_bVoluntad Publishers, Inc.,
_cc. 1987.
300 _aIII, 120 pp ;
_c23 cm.
490 1 _aA TESOL Professional Anthology
505 _aIncludes bibliographies.
505 _aSpine title: TESOL Anthology.
650 9 _aEnglish language
_xGrammar and |composition
_xStudy and teaching
_xForeign speakers
700 1 _aCARGILL, Carol.
_eed.
830 _aA TESOL Professional Anthology
020 _a0832503452 (pbk)
040 _cBPK
041 _aeng
920 _a0-8325-0345-2 (pbk)
942 _cKS
008 s uk f |000 0 eng
999 _c41259
_d41259
856 _uhttp://koha.tu.koszalin.pl/cgi-bin/koha/opac-detail.pl?biblionumber=41259
_yKatalog online BPK